000 00349nam a2200145 i 4500
001 bg
100 1 _aO'NEILL, R.
245 0 _aThird dimension :
_bcourse book /
_cR. O'Neill, P. Mugglestone.
260 _aHarlow,
_c1990.
700 1 _aMUGGLESTONE, P.
040 _cBPK
041 _apol
942 _cKS
008 s pl f |000 0 pol
999 _c4216
_d4216